000 00696nam a2200229 i 4500
001 124561
003 ES-MaACL
005 20250813062627.0
007 t|
008 070330s1932 sp ||||1| spa d
080 _a7.032(32)
100 1 _aKees, Hermann.
_967718
245 1 0 _aArte egipcio /
_cHermann Kees ; traducción del alemán por M. Gutiérrez Marín.
260 _aBarcelona :
_bLabor,
_c[1932]
300 _a130 p., XXXII p. lám. :
_bil. ;
_c17 cm.
490 1 _aColección Labor ;
_v309
650 1 7 _aArte egipcio
_2embne
_910185
700 1 _aGutiérrez Marín, M.
_961179
830 0 0 _aColección Labor
_v309
_9184254
852 _aES-MaACL
_jE-2800
999 _c124561
_d124561